01187nam a22002415i 450000100060000000300090000600500170001500800390003202000180007104000220008908000390011110000450015024501290019526000540032430000400037849001250041850400320054360000760057583001330065185200220078499900170080695201220082312280ES-MaACL20250627191852.0940714s1991 sp ||||0| spa a84-7492-514-2 aM-BN bspa cM-BN a1 Sánchez, Francisco (1550-1623)1 aGonzález Fernández, Martín.95862512aO labirinto de Minos b: Francisco Sánchez, o "Escéptico", un galego no renacimento / cMartín González Fernández. aSada, A Coruña : bEdiciós do Castro, c1991. a302 p., [10] p. de lám ; c25 cm.1 aPublicacións do S.E.G. / Grupo Interdisciplinar de Traballo R.M. Aller de Historia das Ciencias e das Técnicas ; v3 aBibliografía: p. 273-285.14aSánchez, Francisco,d1550-1623-xCrítica e interpretación91023660 aPublicacións do S.E.G. / Grupo Interdisciplinar de Traballo R.M. Aller de Historia das Ciencias e das Técnicas ; v39228275 aES-MaACLjL-19565 c12280d12280 00104070aATENEOMbATENEOMcDEPO2d2008-01-17eSCl0oL-19565p1012514r2023-02-23 00:00:00w2023-02-23yMONOGRAFIA